| 000 | 00781nam a2200265Ia 4500 | ||
|---|---|---|---|
| 003 | OSt | ||
| 005 | 20220928112446.0 | ||
| 006 | a|||||r|||| 00| 0 | ||
| 007 | ta | ||
| 008 | 220927b |||||||| |||| 00| 0 eng d | ||
| 020 | _cINR 995.00 | ||
| 024 | _a135124 | ||
| 037 |
_b043, 08/03/2017, Excel Book International _cTextual |
||
| 040 |
_aSDCL _cSDCL _beng |
||
| 041 |
_2eng _aeng |
||
| 082 | _aB33:1ObD, L3 | ||
| 100 |
_aHamming R.W. _9428140 |
||
| 245 | 0 | _aNumerical methods for Scientists and Engineers | |
| 250 | _a2nd | ||
| 260 |
_aNew York _b Dover Publications _c1973 |
||
| 300 |
_aix,721p. _ccm. |
||
| 650 | _aI I C | ||
| 942 |
_hB33:1ObD, L3 _cTEXL _2CC |
||
| 999 |
_c744790 _d744790 |
||